[Event "Crikvenica City-ch"]
[Site "Crikvenica"]
[Date "2022.02.19"]
[Round "4"]
[White "Kvaternik, Vilim"]
[Black "Sundac, Nikola"]
[Result "1-0"]
[WhiteElo "1407"]
[BlackElo "1600"]
[PlyCount "39"]
[EventDate "2022.02.12"]
[EventType "swiss"]
[EventRounds "7"]
[EventCountry "CRO"]
[SourceTitle "CBM 207 Extra"]
[Source "ChessBase"]
[SourceDate "2022.05.31"]
[SourceVersion "1"]
[SourceVersionDate "2022.05.31"]
[SourceQuality "1"]

1. e4 e5 2. Nf3 Nc6 3. Bc4 d6 4. d4 Be6 5. d5 Bg4 6. dxc6 bxc6 7. h3 Bh5 8. 0-0 Bg6 9. Nc3 f5 10. Bg5 Nf6 11. exf5 Bxf5 12. Re1 h6 13. Bh4 Be7 14. Bxf6 Bxf6 15. Qe2 Qd7 16. Rad1 0-0-0 17. Ba6+ Kb8 18. Qc4 c5 19. Qb3+ Ka8 20. Qb7# 1-0